000 00606nam a2200229Ia 4500
003 OSt
005 20220918202112.0
006 a|||||r|||| 00| 0
007 ta
008 220917b |||||||| |||| 00| 0 eng d
024 _a98,813
037 _cTextual
040 _aARTS
_cARTS
_beng
041 _2eng
_aeng
082 _aV2:25xM69w, J6.1-;3.2-;2 (906)
100 _aPayarelal
_9102281
245 0 _aMahatma Gandhi
_b the last phase
260 _c1956
650 _aHISTORY
942 _hV2:25xM69w, J6.1-;3.2-;2 (906)
_cTEXL
_2CC
999 _c222397
_d222397